An historical guide to French interiors, furniture, decoration, woodwork & allied arts during the last half of the seventeenth century (Record no. 7704)

MARC details
000 -CABECERA
campo de control de longitud fija 00905nam a2200241 a 4500
001 - NÚMERO DE CONTROL
campo de control BRCA_8035
005 - FECHA Y HORA DE LA ÚLTIMA TRANSACCIÓN
campo de control 20190320210115.0
008 - DATOS DE LONGITUD FIJA--INFORMACIÓN GENERAL
campo de control de longitud fija 250314s1903----enka###f##---#001-0#eng-#
041 ## - CÓDIGO DE LENGUA
Código de lengua del texto/banda sonora o título independiente eng
044 ## - CÓDIGO DEL PAÍS DE LA ENTIDAD EDITORA/PRODUCTORA
Código MARC del país enk
050 #4 - SIGNATURA TOPOGRÁFICA DE LA BIBLIOTECA DEL CONGRESO
Número de clasificación NK2049
Número de documento/Ítem .S77 1903
100 1# - ENTRADA PRINCIPAL--NOMBRE DE PERSONA
Nombre de persona Strange, Thomas Arthur
9 (RLIN) 19967
245 10 - MENCIÓN DE TÍTULO
Título An historical guide to French interiors, furniture, decoration, woodwork & allied arts during the last half of the seventeenth century
Resto del título the whole of the eighteenth century and the earlier part of the nineteenth
Mención de responsabilidad, etc. Thomas Arthur Strange.
260 ## - PUBLICACIÓN, DISTRIBUCIÓN, ETC.
Lugar de publicación, distribución, etc. Gran Bretaña
Nombre del editor, distribuidor, etc. McCorquodale & Co.
Fecha de publicación, distribución, etc. [1903]
300 ## - DESCRIPCIÓN FÍSICA
Extensión 1 v.
Otras características físicas il., 400 láminas
Dimensiones 30 cm.
500 ## - NOTA GENERAL
Nota general Estado físico: lomo maltratado
500 ## - NOTA GENERAL
Nota general Y16
650 14 - PUNTO DE ACCESO ADICIONAL DE MATERIA--TÉRMINO DE MATERIA
Término de materia o nombre geográfico como elemento de entrada Muebles y decoración
Subdivisión de forma Francés
9 (RLIN) 19968
650 14 - PUNTO DE ACCESO ADICIONAL DE MATERIA--TÉRMINO DE MATERIA
Término de materia o nombre geográfico como elemento de entrada Decoración de interiores
Subdivisión geográfica Francia
9 (RLIN) 19969
650 14 - PUNTO DE ACCESO ADICIONAL DE MATERIA--TÉRMINO DE MATERIA
Término de materia o nombre geográfico como elemento de entrada Arte y diseño
Subdivisión geográfica Francia
9 (RLIN) 19970
902 ## - CATALOGADOR
Iniciales GFM
942 ## - ELEMENTOS DE PUNTO DE ACCESO ADICIONAL (KOHA)
Fuente del sistema de clasificación o colocación Library of Congress Classification
Tipo de ítem Koha Libros
Holdings
Estado de retiro Estado de pérdida Estado dañado No para préstamo Localización permanente Ubicación/localización actual Fecha de adquisición Número de inventario Total de préstamos Signatura topográfica completa Código de barras Fecha visto por última vez Precio válido a partir de Tipo de ítem Koha
El ejemplar forma parte de la colección y puede ser consultado según las políticas vigentes.       Biblioteca del Museo Franz Mayer (Rogerio Casas-Alatriste) Biblioteca del Museo Franz Mayer (Rogerio Casas-Alatriste) 25/03/2014 Y16   NK2049 .S77 1903 (Y16) 8659 22/03/2019 22/03/2019 Libros